<?xml version="1.0" encoding="UTF-8"?>
<record
    xmlns:xsi="http://www.w3.org/2001/XMLSchema-instance"
    xsi:schemaLocation="http://www.loc.gov/MARC21/slim http://www.loc.gov/standards/marcxml/schema/MARC21slim.xsd"
    xmlns="http://www.loc.gov/MARC21/slim">

  <leader>00679cam a2200193 i 4500</leader>
  <controlfield tag="001">20655409</controlfield>
  <controlfield tag="005">20250408070325.0</controlfield>
  <controlfield tag="008">180904e20151117ce            010 0 tamo </controlfield>
  <datafield tag="020" ind1=" " ind2=" ">
    <subfield code="a">9789557973005</subfield>
  </datafield>
  <datafield tag="040" ind1=" " ind2=" ">
    <subfield code="a">DLC</subfield>
    <subfield code="b">eng</subfield>
    <subfield code="e">rda</subfield>
    <subfield code="c">DLC</subfield>
    <subfield code="d">DLC</subfield>
  </datafield>
  <datafield tag="082" ind1=" " ind2=" ">
    <subfield code="2">22</subfield>
  </datafield>
  <datafield tag="245" ind1="0" ind2="0">
    <subfield code="a">Vil&#x332;icaikkuyil :</subfield>
    <subfield code="b">&#x14D;yvunilaip piratikkalvip pa&#x1E47;ipp&#x101;&#x1E37;ar kal&#x101;p&#x16B;&#x1E63;a&#x1E47;am Tirumati. K&#x14D;kil&#x101; Mak&#x113;ntiran&#x332; avarka&#x1E37;in&#x332; akavai ar&#x332;upattaintu nir&#x332;aivu malar /</subfield>
  </datafield>
  <datafield tag="260" ind1=" " ind2=" ">
    <subfield code="a">Tellippalai</subfield>
    <subfield code="b">Lyceum of Literary and Aesthetic Studies</subfield>
    <subfield code="c">2015</subfield>
  </datafield>
  <datafield tag="300" ind1=" " ind2=" ">
    <subfield code="a">vi, 176 pages ;</subfield>
  </datafield>
  <datafield tag="650" ind1=" " ind2="0">
    <subfield code="a">Tamil literature</subfield>
  </datafield>
  <datafield tag="700" ind1="1" ind2=" ">
    <subfield code="a">Kalapooshan S. Selladurai</subfield>
    <subfield code="e">editor.</subfield>
  </datafield>
  <datafield tag="700" ind1="1" ind2=" ">
    <subfield code="a">Raji Gengatharan</subfield>
    <subfield code="e">editor.</subfield>
  </datafield>
  <datafield tag="942" ind1=" " ind2=" ">
    <subfield code="c">L</subfield>
  </datafield>
  <datafield tag="952" ind1=" " ind2=" ">
    <subfield code="0">0</subfield>
    <subfield code="1">0</subfield>
    <subfield code="4">0</subfield>
    <subfield code="7">0</subfield>
    <subfield code="8">L</subfield>
    <subfield code="a">WERCL</subfield>
    <subfield code="b">WERCL</subfield>
    <subfield code="d">2025-04-08</subfield>
    <subfield code="l">0</subfield>
    <subfield code="p">6921</subfield>
    <subfield code="r">2025-04-08</subfield>
    <subfield code="w">2025-04-08</subfield>
    <subfield code="y">L</subfield>
  </datafield>
  <datafield tag="999" ind1=" " ind2=" ">
    <subfield code="c">6017</subfield>
    <subfield code="d">6017</subfield>
  </datafield>
</record>
